Compliance programs for the prevention of economics crimes: an empirical survey of German companies

Guardado en:
Detalles Bibliográficos
Autores principales: Sieber, Ulrich (Autor), Engelhart, Marc (Autor)
Formato: Libro
Lenguaje:inglés
Publicado: Berlín Duncker and Humblot 2014
Edición:1a. ed
Materias:
Etiquetas: Agregar Etiqueta
Sin Etiquetas, Sea el primero en etiquetar este registro!

MARC

LEADER 00000cam a2200000 a 4500
001 UCE7721
003 CL-VaPUC
008 150703e20140000gw |||||||||||||||||eng|d
020 |a 9783428144587 
082 0 4 |a 364.168  |b SIE  |2 21 
100 0 |a Sieber, Ulrich  |e author  |9 580406 
700 0 |a Engelhart, Marc  |e author  |9 580407 
245 1 0 |a Compliance programs for the prevention of economics crimes: an empirical survey of German companies 
250 |a 1a. ed 
300 |a 312 p 
942 |c BK 
945 |d 20150703 10:05:00  |a dcastane 
260 |a Berlín  |b Duncker and Humblot  |c 2014 
650 0 |a Delitos económicos   |9 255899 
650 0 |a Riesgos   |9 430723 
650 7 |a SEGUROS  |2 CL-VaPUC  |9 580408 
583 |a last modification  |c 20150703 10:05:00  |k Rodrigo Vera 
999 |c 359756  |d 359754 
952 |0 0  |1 0  |3 erb  |4 0  |6 364_168000000000000_SIE_2014  |7 0  |8 A  |9 469295  |a BIBDER  |b BIBDER  |i 5168880  |o 364.168 SIE 2014  |p 5168880  |r 2023-01-25  |w 2019-11-23  |y BK  |z Catalogado en:20150703  |k DER